Lo que el Rey me ha pedido (Record no. 11215)

MARC details
000 -LEADER
campo de control de longitud fija 00953nam a2200253 i 4500
001 - NÚMERO DE CONTROL
campo de control 11215
003 - IDENTIFICADOR DE NÚMERO DE CONTROL
campo de control ES-MaACL
005 - FECHA Y HORA DE LA ÚLTIMA TRANSACCIÓN
campo de control 20250927164143.0
008 - DATOS DE LONGITUD FIJA--INFORMACIÓN GENERAL
campo de control de longitud fija 960221s1995 sp ||||1| spa d
020 ## - NÚMERO INTERNACIONAL ESTÁNDAR DEL LIBRO
Número Internacional Estándar del Libro 84-01-37551-7
080 ## - NÚMERO DE LA CLASIFICACIÓN DECIMAL UNIVERSAL
Número de la Clasificación Decimal Universal 32 Fernández Miranda, Torcuato
080 ## - NÚMERO DE LA CLASIFICACIÓN DECIMAL UNIVERSAL
Número de la Clasificación Decimal Universal 32(460)"1975/1976"
100 1# - ENTRADA PRINCIPAL--NOMBRE DE PERSONA
Nombre de persona Fernández-Miranda Lozana, Pilar.
9 (RLIN) 49930
245 10 - MENCIÓN DEL TÍTULO
Título Lo que el Rey me ha pedido
Resto del título : Torcuato Fernández-Miranda y la reforma política /
Mención de responsabilidad, etc. Pilar Fernández-Miranda Lozana, Alfonso Fernández-Miranda Campoamor.
250 ## - MENCION DE EDICION
Mención de edición 5ª ed.
260 ## - PUBLICACIÓN, DISTRIBUCIÓN, ETC.
Lugar de publicación, distribución, etc. Barcelona :
Nombre del editor, distribuidor, etc. Plaza & Janés,
Fecha de publicación, distribución, etc. 1995.
300 ## - DESCRIPCIÓN FÍSICA
Extensión 395 p., [32] p. de lám. ;
Dimensiones 22 cm.
504 ## - NOTA DE BIBLIOGRAFÍA, ETC.
Nota de bibliografía, etc. Bibliografía : p. 377-[386]
600 14 - PUNTO DE ACCESO ADICIONAL DE MATERIA--NOMBRE DE PERSONA
Nombre de persona Fernández-Miranda, Torcuato,
Fechas asociadas al nombre 1915-1980
9 (RLIN) 171853
651 #4 - PUNTO DE ACCESO ADICIONAL DE MATERIA--NOMBRE GEOGRÁFICO
Nombre geográfico España-
Subdivisión general Política y gobierno-
Subdivisión cronológica 1975-1982.
9 (RLIN) 8447
700 1# - ENTRADA AGREGADA--NOMBRE PERSONAL
Nombre de persona Fernández-Miranda Campoamor, Alfonso.
9 (RLIN) 49929
852 ## - LOCALIZACIÓN
Ubicación ES-MaACL
Número de control de estantería L-18501
Holdings
Estatus retirado Estado de pérdida Estado de daño No para préstamo Biblioteca de origen Biblioteca actual Ubicación en estantería Fecha de adquisición Fuente de adquisición Total de préstamos Signatura topográfica completa Código de barras Visto por última vez Precio de reemplazo Tipo de ítem Koha
        Biblioteca del Ateneo de Madrid Biblioteca del Ateneo de Madrid Depósito 2 17/01/2008     L-18501 1011436 23/02/2023 23/02/2023 Libro impreso